Culture Générale - Série 2491 - Statistiques

Statistiques générales
  • Ce quiz a été pris 165 fois
  • Le résultat moyen est 5 sur 10
Statistiques - réponses
Question Réponse % Correct
Quel animal est appelé rainette ? grenouille
93%
Réunion de famille qui rassemble en un seul endroit frères, sœurs, cousins, cousines plus ou moins éloignés, et grands-parents pour un moment de partage et de détente, au moins une fois par an cousinade
74%
Quelle est la capitale de la Macédoine du Nord ? Skopje
74%
Quel est le prénom du réalisateur de "La mort aux trousses" ? voir photo Alfred
72%
De quel département Saint-Étienne est-il le chef-lieu ? Loire
63%
Ce sont des intérêts en 5 lettres agios
32%
Ce mot de 4 lettres peut désigner un prénom-une région de Bretagne-une ville espagnole Leon
27%
Abaisser quelqu'un jusqu'à le rendre méprisable, lui faire perdre sa dignité ; dégrader, déshonorer - 6 lettres commençant par " a " avilir
26%
Fam. Petite lampe qui éclaire peu - Pop. Enfant. La fillette loupiote
20%
Ils sont parfois appelés « diseurs de bonne aventure » cartomanciens
4%
Aucun quiz correspondant
Distribution des résultats
% des personnes avec chaque résultat
Percentile par nombre de réponses
Votre historique - résultats
Vous n’avez pas pris ce quiz